[Event "CAN-ch U20"]
[Site "Toronto CAN"]
[Date "2012.12.26"]
[Round "9"]
[White "Kleinman, Michael"]
[Black "Qin, Zi Yi (Joey)"]
[Result "1/2-1/2"]
[WhiteElo "2368"]
[BlackElo "2449"]
[PlyCount "50"]
[GameId "2160767909411019"]
[EventDate "2012.12.26"]
[EventType "tourn"]
[EventRounds "9"]
[EventCountry "CAN"]

1. e4 c5 2. Nf3 d6 3. d4 cxd4 4. Qxd4 a6 5. h3 Nc6 6. Qe3 g6 7. c4 Bg7 8. Be2 Nf6 9. O-O O-O 10. Nc3 Be6 11. Rb1 Nd7 12. Rd1 Nce5 13. Nxe5 Bxe5 14. Nd5 Bxd5 15. Rxd5 Rc8 16. b3 Bg7 17. f4 Qc7 18. Bf3 Nf6 19. Rd1 b5 20. cxb5 axb5 21. Bb2 Nd7 22. Rbc1 Bxb2 23. Rxc7 Rxc7 24. Qe2 Bc1 25. g3 b4 1/2-1/2

[Event "CAN-ch U20 w"]
[Site "Calgary CAN"]
[Date "2012.01.05"]
[Round "1"]
[White "Gagne, Rachel"]
[Black "Bustos, Chantel"]
[Result "1/2-1/2"]
[WhiteElo "1372"]
[BlackElo "490"]
[PlyCount "37"]
[GameId "2160767909572956"]
[EventDate "2012.01.05"]
[EventType "tourn"]
[EventRounds "5"]
[EventCountry "CAN"]
[SourceTitle "EXT 2022"]
[Source "ChessBase"]
[SourceDate "2021.10.06"]
[SourceVersion "1"]
[SourceVersionDate "2021.10.06"]
[SourceQuality "1"]

1. e4 e5 2. Nf3 Bc5 3. Nxe5 Qh4 4. Qe2 d6 5. Nd3 Qxf2+ 6. Nxf2 Bxf2+ 7. Qxf2 Nf6 8. Bb5+ c6 9. Ba4 Nxe4 10. Qe3 d5 11. d3 Bf5 12. dxe4 Bxe4 13. Nc3 O-O 14. Bd2 Re8 15. O-O-O Nd7 16. Rhe1 Nf6 17. Qf4 h6 18. Qc7 Rac8 19. Qxb7 1/2-1/2

[Event "CAN-ch U20 w"]
[Site "Calgary CAN"]
[Date "2012.01.05"]
[Round "1"]
[White "Kalaydina, Regina Veronicka"]
[Black "Gagne, Hope"]
[Result "1-0"]
[WhiteElo "1947"]
[BlackElo "1238"]
[PlyCount "43"]
[GameId "2160767909572957"]
[EventDate "2012.01.05"]
[EventType "tourn"]
[EventRounds "5"]
[EventCountry "CAN"]
[SourceTitle "EXT 2022"]
[Source "ChessBase"]
[SourceDate "2021.10.06"]
[SourceVersion "1"]
[SourceVersionDate "2021.10.06"]
[SourceQuality "1"]

1. e4 e5 2. Nf3 Nf6 3. Nxe5 Bd6 4. Nc4 Bc5 5. d3 O-O 6. Be2 d6 7. Be3 Bb6 8. Nc3 Be6 9. Nxb6 axb6 10. O-O c5 11. d4 cxd4 12. Qxd4 Nbd7 13. Qxd6 Ra5 14. Rad1 Qa8 15. a3 Re5 16. f3 g5 17. Bb5 Kh8 18. Bxd7 Bxd7 19. Qxf6+ Kg8 20. Bxg5 Qa6 21. Bh6 Re6 22. Qg7# 1-0

[Event "CAN-ch U20 w"]
[Site "Calgary CAN"]
[Date "2012.01.05"]
[Round "1"]
[White "Lee, Melissa"]
[Black "Ding, Jill"]
[Result "0-1"]
[WhiteElo "1594"]
[BlackElo "1280"]
[PlyCount "64"]
[GameId "2160767909572958"]
[EventDate "2012.01.05"]
[EventType "tourn"]
[EventRounds "5"]
[EventCountry "CAN"]
[SourceTitle "EXT 2022"]
[Source "ChessBase"]
[SourceDate "2021.10.06"]
[SourceVersion "1"]
[SourceVersionDate "2021.10.06"]
[SourceQuality "1"]

1. e4 c5 2. Nf3 d6 3. d4 cxd4 4. Nxd4 Nf6 5. Nc3 a6 6. f3 e5 7. Nb3 Be6 8. Be3 Nbd7 9. Bd3 Rc8 10. O-O Be7 11. Qd2 O-O 12. Rac1 Nc5 13. Nxc5 dxc5 14. Qf2 b5 15. Be2 Qe8 16. Rfd1 Nd7 17. Nd5 Bxd5 18. exd5 c4 19. d6 Bf6 20. c3 Qe6 21. a4 Rfe8 22. h3 Rc6 23. axb5 axb5 24. Rb1 Rxd6 25. Rxd6 Qxd6 26. b3 e4 27. bxc4 bxc4 28. Bxc4 Bxc3 29. fxe4 Qf6 30. Qxf6 Nxf6 31. Bd5 h6 32. Rb3 Nxd5 0-1

[Event "CAN-ch U20 w"]
[Site "Calgary CAN"]
[Date "2012.01.05"]
[Round "2"]
[White "Bustos, Chantel"]
[Black "Lee, Melissa"]
[Result "0-1"]
[WhiteElo "490"]
[BlackElo "1594"]
[PlyCount "62"]
[GameId "2160767909572959"]
[EventDate "2012.01.05"]
[EventType "tourn"]
[EventRounds "5"]
[EventCountry "CAN"]
[SourceTitle "EXT 2022"]
[Source "ChessBase"]
[SourceDate "2021.10.06"]
[SourceVersion "1"]
[SourceVersionDate "2021.10.06"]
[SourceQuality "1"]

1. e4 c5 2. Bc4 d6 3. Nf3 Nf6 4. d3 Nc6 5. O-O g6 6. Nc3 Bg7 7. Bf4 O-O 8. Qe2 Nh5 9. Be3 a6 10. Rad1 Qc7 11. Rfe1 Bd7 12. d4 cxd4 13. Nxd4 Nf6 14. Nxc6 Bxc6 15. Bf4 Nh5 16. g3 Nxf4 17. gxf4 e6 18. e5 dxe5 19. fxe5 Rad8 20. Rd2 Rxd2 21. Qxd2 Bxe5 22. Qh6 Bg7 23. Qg5 h6 24. Qg4 Rd8 25. Bxe6 fxe6 26. Qxe6+ Qf7 27. Qe4 Bxe4 28. Rxe4 Bxc3 29. bxc3 Qf3 30. Re3 Rd1+ 31. Re1 Rxe1# 0-1

[Event "CAN-ch U20 w"]
[Site "Calgary CAN"]
[Date "2012.01.05"]
[Round "2"]
[White "Gagne, Hope"]
[Black "Ding, Jill"]
[Result "0-1"]
[WhiteElo "1238"]
[BlackElo "1280"]
[PlyCount "40"]
[GameId "2160767909572960"]
[EventDate "2012.01.05"]
[EventType "tourn"]
[EventRounds "5"]
[EventCountry "CAN"]
[SourceTitle "EXT 2022"]
[Source "ChessBase"]
[SourceDate "2021.10.06"]
[SourceVersion "1"]
[SourceVersionDate "2021.10.06"]
[SourceQuality "1"]

1. e4 c5 2. Bc4 d6 3. Bb5+ Bd7 4. Bc4 Nc6 5. Qf3 e6 6. c3 Ne5 7. Qd1 Nxc4 8. Nf3 g6 9. h4 Bg7 10. Ng5 Nf6 11. h5 Nxh5 12. Qf3 Qxg5 13. Rh3 Ne5 14. Qd1 Qxg2 15. f4 Nxf4 16. d4 Nxh3 17. Qb3 Nd3+ 18. Kd1 Nhf2+ 19. Kc2 Qf1 20. Qxb7 Qd1# 0-1

[Event "CAN-ch U20 w"]
[Site "Calgary CAN"]
[Date "2012.01.05"]
[Round "2"]
[White "Kalaydina, Regina Veronicka"]
[Black "Gagne, Rachel"]
[Result "1-0"]
[WhiteElo "1947"]
[BlackElo "1372"]
[PlyCount "55"]
[GameId "2160767909572961"]
[EventDate "2012.01.05"]
[EventType "tourn"]
[EventRounds "5"]
[EventCountry "CAN"]
[SourceTitle "EXT 2022"]
[Source "ChessBase"]
[SourceDate "2021.10.06"]
[SourceVersion "1"]
[SourceVersionDate "2021.10.06"]
[SourceQuality "1"]

1. e4 e5 2. Nf3 Nc6 3. Bb5 Bc5 4. O-O Nf6 5. Nxe5 Nxe5 6. d4 O-O 7. Nc3 Bd6 8. dxe5 Bxe5 9. Re1 d6 10. f4 Bxc3 11. bxc3 Bg4 12. Qd4 a6 13. Bd3 Re8 14. Bd2 Re6 15. f5 Re7 16. Bg5 c5 17. Qf2 Re5 18. Qh4 Bxf5 19. Bxf6 Qe8 20. Bxe5 Qxe5 21. exf5 Qxc3 22. Kh1 c4 23. Be4 Re8 24. Rad1 b5 25. f6 g6 26. Rf1 h6 27. Qxh6 Re5 28. Qg7# 1-0

[Event "CAN-ch U20 w"]
[Site "Calgary CAN"]
[Date "2012.01.06"]
[Round "3"]
[White "Ding, Jill"]
[Black "Bustos, Chantel"]
[Result "1-0"]
[WhiteElo "1280"]
[BlackElo "490"]
[PlyCount "51"]
[GameId "2160767909572962"]
[EventDate "2012.01.05"]
[EventType "tourn"]
[EventRounds "5"]
[EventCountry "CAN"]
[SourceTitle "EXT 2022"]
[Source "ChessBase"]
[SourceDate "2021.10.06"]
[SourceVersion "1"]
[SourceVersionDate "2021.10.06"]
[SourceQuality "1"]

1. e4 e5 2. Nf3 Nc6 3. Bc4 Nf6 4. d3 d5 5. exd5 Nxd5 6. O-O Bd6 7. Bxd5 Nb4 8. Bc4 Bd7 9. Be3 Ba4 10. b3 Bc6 11. Nbd2 e4 12. Nxe4 Bxe4 13. dxe4 f6 14. Bd4 c5 15. Bb2 Be7 16. Bb5+ Kf8 17. Bd3 g5 18. a3 Nxd3 19. Qxd3 g4 20. Nh4 Qe8 21. Nf5 Qb8 22. Rfd1 Qf4 23. Nxe7 Kxe7 24. Qd7+ Kf8 25. Qxb7 Qxe4 26. Qxe4 1-0

[Event "CAN-ch U20 w"]
[Site "Calgary CAN"]
[Date "2012.01.06"]
[Round "3"]
[White "Gagne, Rachel"]
[Black "Gagne, Hope"]
[Result "1-0"]
[WhiteElo "1372"]
[BlackElo "1238"]
[PlyCount "51"]
[GameId "2160767909572963"]
[EventDate "2012.01.05"]
[EventType "tourn"]
[EventRounds "5"]
[EventCountry "CAN"]
[SourceTitle "EXT 2022"]
[Source "ChessBase"]
[SourceDate "2021.10.06"]
[SourceVersion "1"]
[SourceVersionDate "2021.10.06"]
[SourceQuality "1"]

1. e4 e5 2. Nf3 Bc5 3. Bc4 Bb6 4. Nxe5 Nh6 5. d3 Qe7 6. Qe2 g5 7. Nc3 f5 8. exf5 Nxf5 9. Nd5 Qg7 10. Ng4+ Ne7 11. Nxe7 d6 12. Nf5+ Be6 13. Nxg7+ Kd8 14. Nxe6+ Ke8 15. Be3 Ba5+ 16. Bd2 Bb6 17. O-O Nc6 18. Bxg5 Nd4 19. Qe1 Ba5 20. Qxa5 Nc6 21. Qxc7 Rg8 22. Qxb7 d5 23. Qxa8+ Kd7 24. Bxd5 Kd6 25. Qxg8 h6 26. Qd8+ 1-0

[Event "CAN-ch U20 w"]
[Site "Calgary CAN"]
[Date "2012.01.06"]
[Round "3"]
[White "Lee, Melissa"]
[Black "Kalaydina, Regina Veronicka"]
[Result "1/2-1/2"]
[WhiteElo "1594"]
[BlackElo "1947"]
[PlyCount "88"]
[GameId "2160767909572964"]
[EventDate "2012.01.05"]
[EventType "tourn"]
[EventRounds "5"]
[EventCountry "CAN"]
[SourceTitle "EXT 2022"]
[Source "ChessBase"]
[SourceDate "2021.10.06"]
[SourceVersion "1"]
[SourceVersionDate "2021.10.06"]
[SourceQuality "1"]

1. e4 c5 2. Nf3 d6 3. d4 cxd4 4. Nxd4 Nf6 5. Nc3 a6 6. f3 e5 7. Nb3 Be6 8. Be3 Be7 9. Qd2 Nbd7 10. Be2 Rc8 11. O-O O-O 12. Rac1 b5 13. Nd5 Bxd5 14. exd5 Nb6 15. Bxb6 Qxb6+ 16. Kh1 Nd7 17. f4 f5 18. Bd3 e4 19. Be2 Bf6 20. c3 Qd8 21. Rg1 Nb6 22. g4 Nc4 23. Bxc4 bxc4 24. Nd4 Bxd4 25. Qxd4 Qf6 26. Qxf6 Rxf6 27. g5 Rff8 28. Kg2 Rc5 29. Rgd1 Rb8 30. Rc2 a5 31. Kf2 Kf7 32. h4 h6 33. Kg3 Kg6 34. a4 Re8 35. Rh2 Kf7 36. h5 hxg5 37. fxg5 Kg8 38. Kf4 Re5 39. h6 Rexd5 40. Rxd5 Rxd5 41. h7+ Kh8 42. g6 Re5 43. Rd2 Re6 44. Kxf5 Re5+ 1/2-1/2

[Event "CAN-ch U20 w"]
[Site "Calgary CAN"]
[Date "2012.01.07"]
[Round "4"]
[White "Gagne, Hope"]
[Black "Bustos, Chantel"]
[Result "1-0"]
[WhiteElo "1238"]
[BlackElo "490"]
[PlyCount "26"]
[GameId "2160767909572965"]
[EventDate "2012.01.05"]
[EventType "tourn"]
[EventRounds "5"]
[EventCountry "CAN"]
[SourceTitle "EXT 2022"]
[Source "ChessBase"]
[SourceDate "2021.10.06"]
[SourceVersion "1"]
[SourceVersionDate "2021.10.06"]
[SourceQuality "1"]

1. e4 e5 2. c3 Bc5 3. Qc2 Qh4 4. g3 Qg4 5. Nh3 Nf6 6. d3 d6 7. Bg5 Qf3 8. Qd1 Qxh1 9. Be3 Bg4 10. Qb3 Bxh3 11. Nd2 Qxh2 12. O-O-O Be6 13. c4 O-O 1-0

[Event "CAN-ch U20 w"]
[Site "Calgary CAN"]
[Date "2012.01.07"]
[Round "4"]
[White "Gagne, Rachel"]
[Black "Lee, Melissa"]
[Result "0-1"]
[WhiteElo "1372"]
[BlackElo "1594"]
[PlyCount "43"]
[GameId "2160767909572966"]
[EventDate "2012.01.05"]
[EventType "tourn"]
[EventRounds "5"]
[EventCountry "CAN"]
[SourceTitle "EXT 2022"]
[Source "ChessBase"]
[SourceDate "2021.10.06"]
[SourceVersion "1"]
[SourceVersionDate "2021.10.06"]
[SourceQuality "1"]

1. e4 c5 2. Nc3 d6 3. Bb5+ Bd7 4. Bxd7+ Nxd7 5. Nf3 Ngf6 6. d3 e6 7. O-O Be7 8. Qe1 Qb8 9. Bf4 Nh5 10. Qe3 Nxf4 11. Qxf4 O-O 12. Rae1 Qd8 13. Ne2 h6 14. Ng3 Nf6 15. e5 dxe5 16. Rxe5 Bd6 17. Re3 Bxf4 18. Re2 Bxg3 19. hxg3 Rc8 20. c3 Qxd3 21. Ree1 Qa6 22. Ne5 0-1

[Event "CAN-ch U20 w"]
[Site "Calgary CAN"]
[Date "2012.01.07"]
[Round "4"]
[White "Kalaydina, Regina Veronicka"]
[Black "Ding, Jill"]
[Result "1-0"]
[WhiteElo "1947"]
[BlackElo "1280"]
[PlyCount "64"]
[GameId "2160767909572967"]
[EventDate "2012.01.05"]
[EventType "tourn"]
[EventRounds "5"]
[EventCountry "CAN"]
[SourceTitle "EXT 2022"]
[Source "ChessBase"]
[SourceDate "2021.10.06"]
[SourceVersion "1"]
[SourceVersionDate "2021.10.06"]
[SourceQuality "1"]

1. c4 c5 2. Nf3 Nc6 3. Nc3 g6 4. d4 Nxd4 5. Nxd4 cxd4 6. Qxd4 Nf6 7. e4 d6 8. Be3 Bg7 9. f3 b6 10. Be2 Bb7 11. O-O O-O 12. Qd2 Nd7 13. Rab1 Ne5 14. Rfc1 Rc8 15. Nb5 a6 16. Nd4 h5 17. b4 Kh7 18. Bf1 e6 19. Nb3 h4 20. h3 Rg8 21. Qf2 Nd7 22. a4 g5 23. a5 bxa5 24. Nxa5 Ba8 25. Qd2 Ne5 26. Kh1 f5 27. exf5 exf5 28. b5 axb5 29. cxb5 Rb8 30. b6 Qe7 31. Bxg5 Nxf3 32. Bxe7 Nxd2 1-0

[Event "CAN-ch U20 w"]
[Site "Calgary CAN"]
[Date "2012.01.08"]
[Round "5"]
[White "Bustos, Chantel"]
[Black "Kalaydina, Regina Veronicka"]
[Result "0-1"]
[WhiteElo "490"]
[BlackElo "1947"]
[PlyCount "82"]
[GameId "2160767909572968"]
[EventDate "2012.01.05"]
[EventType "tourn"]
[EventRounds "5"]
[EventCountry "CAN"]
[SourceTitle "EXT 2022"]
[Source "ChessBase"]
[SourceDate "2021.10.06"]
[SourceVersion "1"]
[SourceVersionDate "2021.10.06"]
[SourceQuality "1"]

1. e4 e5 2. Nf3 Nc6 3. Nc3 Nf6 4. d3 Bc5 5. Be3 Bxe3 6. fxe3 d6 7. d4 O-O 8. Bd3 Re8 9. Qd2 exd4 10. exd4 Nxe4 11. Nxe4 d5 12. O-O dxe4 13. Rae1 exd3 14. cxd3 Bg4 15. Ne5 Qxd4+ 16. Qf2 Qxf2+ 17. Rxf2 Rxe5 18. Ref1 Rae8 19. h3 Bh5 20. g4 Bxg4 21. hxg4 Re1 22. Rxf7 Rxf1+ 23. Rxf1 Re2 24. d4 Nxd4 25. Rf4 Ne6 26. Ra4 a6 27. Rb4 Nc5 28. Kf1 Re4 29. Rxe4 Nxe4 30. b3 Kf7 31. Ke2 Kf6 32. Kd3 Nf2+ 33. Ke2 Kg5 34. Kxf2 Kxg4 35. a4 b5 36. axb5 axb5 37. Ke2 h5 38. Kf1 c5 39. Kg1 c4 40. bxc4 bxc4 41. Kf1 h4 0-1

[Event "CAN-ch U20 w"]
[Site "Calgary CAN"]
[Date "2012.01.08"]
[Round "5"]
[White "Ding, Jill"]
[Black "Gagne, Rachel"]
[Result "1-0"]
[WhiteElo "1280"]
[BlackElo "1372"]
[PlyCount "61"]
[GameId "2160767909572969"]
[EventDate "2012.01.05"]
[EventType "tourn"]
[EventRounds "5"]
[EventCountry "CAN"]
[SourceTitle "EXT 2022"]
[Source "ChessBase"]
[SourceDate "2021.10.06"]
[SourceVersion "1"]
[SourceVersionDate "2021.10.06"]
[SourceQuality "1"]

1. e4 e5 2. Nf3 Nc6 3. Bc4 Nf6 4. d3 Bc5 5. Nc3 O-O 6. O-O d6 7. h3 Qe7 8. Bg5 Be6 9. Bd5 Nd8 10. Kh1 a5 11. a4 Ra6 12. Nd2 h6 13. Bh4 c6 14. Bc4 Rb6 15. Qc1 Bd4 16. f4 c5 17. f5 Bxc4 18. Nxc4 Rb4 19. Nd5 Nxd5 20. Bxe7 Nxe7 21. c3 Rb3 22. cxd4 cxd4 23. Nxd6 Rxd3 24. f6 gxf6 25. Qxh6 Ne6 26. Qxf6 Nd8 27. Nf5 Nxf5 28. Rxf5 Rg3 29. Qxe5 d3 30. Qxg3+ Kh7 31. Rh5# 1-0

[Event "CAN-ch U20 w"]
[Site "Calgary CAN"]
[Date "2012.01.08"]
[Round "5"]
[White "Lee, Melissa"]
[Black "Gagne, Hope"]
[Result "1-0"]
[WhiteElo "1594"]
[BlackElo "1238"]
[PlyCount "37"]
[GameId "2160767909572970"]
[EventDate "2012.01.05"]
[EventType "tourn"]
[EventRounds "5"]
[EventCountry "CAN"]
[SourceTitle "EXT 2022"]
[Source "ChessBase"]
[SourceDate "2021.10.06"]
[SourceVersion "1"]
[SourceVersionDate "2021.10.06"]
[SourceQuality "1"]

1. e4 e5 2. Nf3 Bc5 3. Bc4 Nf6 4. O-O Nxe4 5. d4 exd4 6. Re1 O-O 7. Bb3 d3 8. Rxe4 d6 9. cxd3 Be6 10. Bxe6 Re8 11. Bb3 Re6 12. Bxe6 fxe6 13. Rxe6 d5 14. Re1 Bd6 15. Nc3 c6 16. Qe2 Bc7 17. Qe6+ Kf8 18. Ng5 Qd6 19. Qf7# 1-0

[Event "CAN-ch playoff"]
[Site "Montreal CAN"]
[Date "2012.08.11"]
[Round "1"]
[White "Gusev, Nikita"]
[Black "Wang, Richard"]
[Result "0-1"]
[WhiteElo "2117"]
[BlackElo "2338"]
[PlyCount "68"]
[GameId "2160767909441551"]
[EventDate "2012.08.11"]
[EventType "match (rapid)"]
[EventRounds "2"]
[EventCountry "CAN"]
[SourceTitle "CBM 149 Extra"]
[Source "ChessBase"]
[SourceDate "2012.08.24"]
[SourceVersion "1"]
[SourceVersionDate "2012.08.24"]
[SourceQuality "1"]

1. e4 c5 2. Nf3 g6 3. d4 cxd4 4. Nxd4 Nc6 5. c4 Bg7 6. Be3 Nf6 7. Nc3 O-O 8. Be2 d6 9. f3 Nxd4 10. Bxd4 Be6 11. O-O Rc8 12. b3 Qa5 13. Qd3 a6 14. Rfd1 Nd7 15. Bxg7 Kxg7 16. Nd5 Bxd5 17. exd5 Rfe8 18. f4 Qc5+ 19. Kh1 Nf6 20. a3 a5 21. Rdb1 e5 22. dxe6 Rxe6 23. Bf3 b6 24. Qd2 Rce8 25. h3 Re3 26. b4 axb4 27. axb4 Qf5 28. Bc6 R8e6 29. Rf1 Rd3 30. Qb2 Ree3 31. Rae1 Rxe1 32. Rxe1 Qxf4 33. Qa1 Qxc4 34. Rf1 Qc3 0-1

[Event "CAN-ch playoff-2"]
[Site "Montreal CAN"]
[Date "2012.08.11"]
[Round "1"]
[White "Humphreys, Michael"]
[Black "Qin, Zi Yi (Joey)"]
[Result "1-0"]
[WhiteElo "2316"]
[BlackElo "2198"]
[PlyCount "129"]
[GameId "2160767909441774"]
[EventDate "2012.08.04"]
[EventType "swiss"]
[EventRounds "9"]
[EventCountry "CAN"]

1. Nf3 Nf6 2. c4 g6 3. b4 Bg7 4. Bb2 O-O 5. g3 d6 6. Bg2 e5 7. d3 Nc6 8. b5 Ne7 9. O-O h6 10. Qc2 Be6 11. Nfd2 Rb8 12. Qa4 Qd7 13. Qxa7 Bh3 14. e4 Nh5 15. Nc3 g5 16. f3 Be6 17. Nd5 Ng6 18. a4 c6 19. Nb4 Bf6 20. bxc6 bxc6 21. Qxd7 Bxd7 22. Ba3 Ra8 23. Bb2 Rfb8 24. Bc3 c5 25. Nd5 Bxa4 26. g4 Nhf4 27. Nxf6+ Kg7 28. Nh5+ Nxh5 29. gxh5 Nf4 30. Ra3 Bc2 31. Rxa8 Rxa8 32. Ra1 Rb8 33. Bf1 Rb6 34. Ra2 Bxd3 35. Bxd3 Nxd3 36. Kf1 Nf4 37. Rb2 Ra6 38. Nb3 Ra3 39. Bd2 Nxh5 40. Kg2 Nf6 41. h3 Kg6 42. Na5 h5 43. Nc6 g4 44. Ne7+ Kh7 45. hxg4 hxg4 46. fxg4 Nxe4 47. Be1 Ra4 48. Rc2 Nf6 49. g5 Ne4 50. Bh4 Ra7 51. Kf3 d5 52. cxd5 Nd6 53. Rxc5 Kg7 54. Nc6 Ra3+ 55. Kg4 e4 56. Ne7 e3 57. Nf5+ Nxf5 58. Kxf5 e2 59. d6 Rh3 60. Be1 Rd3 61. Ke5 Rd1 62. Bh4 e1=Q+ 63. Bxe1 Rxe1+ 64. Kd5 Kg6 65. Kc6 1-0

[Event "CAN-ch w"]
[Site "Montreal CAN"]
[Date "2012.08.04"]
[Round "1"]
[White "Khoudgarian, Natalia"]
[Black "Zhou, Qiyu"]
[Result "1-0"]
[WhiteElo "2158"]
[BlackElo "1836"]
[PlyCount "107"]
[GameId "2160767909441590"]
[EventDate "2012.08.05"]
[EventType "swiss"]
[EventRounds "9"]
[EventCountry "CAN"]
[SourceTitle "EXT 2022"]
[Source "ChessBase"]
[SourceDate "2021.10.06"]
[SourceVersion "1"]
[SourceVersionDate "2021.10.06"]
[SourceQuality "1"]

1. e4 e5 2. Nf3 Nc6 3. Nc3 Nf6 4. d4 exd4 5. Nxd4 Bb4 6. Nxc6 bxc6 7. Bd3 d5 8. exd5 cxd5 9. O-O O-O 10. Bg5 c6 11. Qf3 Be7 12. h3 Be6 13. Ne2 c5 14. c3 Nd7 15. Bxe7 Qxe7 16. Rfe1 Ne5 17. Bxh7+ Kxh7 18. Qh5+ Kg8 19. Qxe5 Qb7 20. Nf4 Rfe8 21. b3 f6 22. Qd6 Bf7 23. Qxc5 Rxe1+ 24. Rxe1 Rc8 25. Qd4 Qc6 26. Re3 Qc5 27. Qxc5 Rxc5 28. b4 Rc4 29. Ne2 Kf8 30. Nd4 Rc7 31. Kf1 a6 32. Ke2 Rb7 33. Kd2 a5 34. a3 Rb6 35. f4 Rb7 36. g4 Rb6 37. Kc2 Be8 38. Kb3 a4+ 39. Kc2 Kf7 40. Nf5 g6 41. Ne7 Rd6 42. Nxg6 d4 43. cxd4 Rxd4 44. Re7+ Kxg6 45. f5+ Kg5 46. Rxe8 Rf4 47. Re3 Rf1 48. b5 Kf4 49. Rc3 Rf2+ 50. Kd3 Rb2 51. Rc4+ Kg3 52. Rb4 Rh2 53. b6 Rxh3 54. b7 1-0

[Event "CAN-ch w"]
[Site "Montreal CAN"]
[Date "2012.08.05"]
[Round "1"]
[White "Agbabishvili, Lali"]
[Black "Ma, Indy"]
[Result "1-0"]
[WhiteElo "1925"]
[BlackElo "1490"]
[PlyCount "67"]
[GameId "2160767909441591"]
[EventDate "2012.08.05"]
[EventType "swiss"]
[EventRounds "9"]
[EventCountry "CAN"]
[SourceTitle "EXT 2022"]
[Source "ChessBase"]
[SourceDate "2021.10.06"]
[SourceVersion "1"]
[SourceVersionDate "2021.10.06"]
[SourceQuality "1"]

1. c4 Nf6 2. Nc3 e6 3. d4 Bb4 4. Qc2 O-O 5. e3 d5 6. Bd3 dxc4 7. Bxc4 c5 8. a3 Qa5 9. Nge2 Bxc3+ 10. Qxc3 Nc6 11. dxc5 Qxc5 12. b4 Qe5 13. Bb2 Qxc3+ 14. Nxc3 Rd8 15. Be2 Ne5 16. O-O Bd7 17. Rfd1 Rac8 18. Nb5 Nc4 19. Bxf6 gxf6 20. Nxa7 Ra8 21. Bxc4 Rxa7 22. Bb5 b6 23. Rd6 Rb7 24. Rad1 Bxb5 25. Rxd8+ Kg7 26. Ra8 Bd7 27. a4 Rc7 28. b5 Bc8 29. h3 Bb7 30. Ra7 Bf3 31. Rxc7 Bxd1 32. Rc6 Bxa4 33. Rxb6 Kf8 34. Rb7 1-0

[Event "CAN-ch w"]
[Site "Montreal CAN"]
[Date "2012.08.05"]
[Round "1"]
[White "Roy, Myriam"]
[Black "Peng, Jackie"]
[Result "1-0"]
[WhiteElo "1982"]
[BlackElo "2009"]
[PlyCount "53"]
[GameId "2160767909441592"]
[EventDate "2012.08.05"]
[EventType "swiss"]
[EventRounds "9"]
[EventCountry "CAN"]
[SourceTitle "EXT 2022"]
[Source "ChessBase"]
[SourceDate "2021.10.06"]
[SourceVersion "1"]
[SourceVersionDate "2021.10.06"]
[SourceQuality "1"]

1. e4 c5 2. Nf3 d6 3. d4 cxd4 4. Nxd4 Nf6 5. Nc3 g6 6. Be2 Bg7 7. O-O O-O 8. Nb3 Nc6 9. Be3 b6 10. f4 Bb7 11. Bf3 Nd7 12. Qd2 Rc8 13. Rad1 Bxc3 14. bxc3 Nc5 15. Nxc5 dxc5 16. Qf2 Qc7 17. Qh4 e5 18. f5 f6 19. Bh6 g5 20. Qg4 Rfd8 21. h4 Kh8 22. hxg5 fxg5 23. Qxg5 Ba6 24. Rfe1 Bc4 25. Bh5 Qe7 26. f6 Qd7 27. f7 1-0

[Event "CAN-ch w"]
[Site "Montreal CAN"]
[Date "2012.08.05"]
[Round "1"]
[White "Yun, Chang"]
[Black "Liu, Jiaxin (Dora)"]
[Result "1-0"]
[WhiteElo "1886"]
[BlackElo "1666"]
[PlyCount "103"]
[GameId "2160767909441593"]
[EventDate "2012.08.05"]
[EventType "swiss"]
[EventRounds "9"]
[EventCountry "CAN"]

1. e4 c5 2. Nf3 Nc6 3. Bb5 e6 4. O-O Nge7 5. b3 a6 6. Bxc6 Nxc6 7. Bb2 f6 8. d4 cxd4 9. Nxd4 Nxd4 10. Bxd4 e5 11. Bb2 Qe7 12. Na3 b5 13. c4 b4 14. Nc2 Qf7 15. Qd2 a5 16. a3 bxa3 17. Bxa3 Bxa3 18. Rxa3 Bb7 19. f3 Qe7 20. Rxa5 Rxa5 21. Qxa5 O-O 22. Qb4 Qxb4 23. Nxb4 Rb8 24. Nd3 d6 25. Rb1 Ba6 26. Rb2 Kf8 27. Kf2 h5 28. Ke3 g5 29. Kd2 Ke7 30. Kc3 Rc8 31. Ra2 Ra8 32. Nb4 Bb7 33. Rxa8 Bxa8 34. Nd5+ Bxd5 35. cxd5 Kd7 36. Kb4 Kc7 37. Ka5 Kb7 38. h3 Ka7 39. b4 Kb7 40. b5 Ka7 41. g4 h4 42. b6+ Kb8 43. Ka6 Ka8 44. b7+ Kb8 45. Kb6 f5 46. Kc6 f4 47. Kxd6 Kxb7 48. Kxe5 Kc7 49. Kf5 Kd6 50. Kxg5 Ke5 51. Kxh4 Kd4 52. g5 1-0

[Event "CAN-ch w"]
[Site "Montreal CAN"]
[Date "2012.08.05"]
[Round "2"]
[White "Agbabishvili, Lali"]
[Black "Shi, Ling Yun"]
[Result "1-0"]
[WhiteElo "1925"]
[BlackElo "1362"]
[PlyCount "103"]
[GameId "2160767909441594"]
[EventDate "2012.08.05"]
[EventType "swiss"]
[EventRounds "9"]
[EventCountry "CAN"]
[SourceTitle "hb 2012"]

1. Nf3 d5 2. c4 Nf6 3. d4 e6 4. Nc3 b6 5. e3 Bb7 6. b3 Bb4 7. Bd2 O-O 8. a3 Bxc3 9. Bxc3 Ne4 10. Bb2 Nd7 11. Bd3 Ndf6 12. O-O Rc8 13. Qe2 Qe7 14. Ne5 Nd7 15. Nxd7 Qxd7 16. f3 Nd6 17. c5 Ne8 18. Rac1 c6 19. a4 Nc7 20. Ba3 Rfe8 21. cxb6 axb6 22. Bb2 Ra8 23. Qc2 h6 24. e4 Rac8 25. e5 Ra8 26. f4 Qe7 27. f5 exf5 28. Rxf5 Ne6 29. Rcf1 Rf8 30. R5f2 g6 31. Qc1 Kg7 32. Rf6 Rae8 33. Qe3 Nd8 34. Bc1 Rh8 35. Qg3 g5 36. h4 Ne6 37. hxg5 hxg5 38. Bxg5 Kf8 39. Bh6+ Rxh6 40. Rxh6 Qg5 41. Rh8+ Ke7 42. Rxe8+ Kxe8 43. Qxg5 Nxg5 44. Kf2 Ke7 45. Ke3 Ne6 46. Bf5 Nc7 47. g4 Ba6 48. Rh1 b5 49. Rh7 bxa4 50. bxa4 Ke8 51. Rh6 Bb7 52. Rh8+ 1-0